Những bài thuốc thần dược của Trung Quốc

Giới thiệu 600 loại bệnh như: Bệnh truyền nhiễm, bệnh về hô hấp, bệnh tiết niệu, bệnh máu, bệnh tim mạch, bệnh vận động, bệnh thần kinh.. và các bài thuốc thần dược của Trung Quốc để chữa bệnh....

Descrición completa

Gardado en:
Detalles Bibliográficos
Autor Principal: Điền, Phong Ô
Formato: Libro
Idioma:Undetermined
Publicado: Hà Nội Văn hóa Thông tin 2012
Những chủ đề:
Các nhãn: Engadir etiqueta
Sen Etiquetas, Sexa o primeiro en etiquetar este rexistro!
Thư viện lưu trữ: Trung tâm Học liệu Trường Đại học Cần Thơ
LEADER 01028nam a2200205Ia 4500
001 CTU_188736
008 210402s9999 xx 000 0 und d
020 |c 282000 
082 |a 615.88 
082 |b Ô.450 
100 |a Điền, Phong Ô 
245 0 |a Những bài thuốc thần dược của Trung Quốc 
245 0 |c Điền Phong Ô, Trương Thanh Vận ; Nguyễn Văn Kiêm biên dịch ; Nguyễn Tiến Hội hiệu đính 
260 |a Hà Nội 
260 |b Văn hóa Thông tin 
260 |c 2012 
520 |a Giới thiệu 600 loại bệnh như: Bệnh truyền nhiễm, bệnh về hô hấp, bệnh tiết niệu, bệnh máu, bệnh tim mạch, bệnh vận động, bệnh thần kinh.. và các bài thuốc thần dược của Trung Quốc để chữa bệnh. 
650 |a Folk medicine,Y học cổ truyền 
910 |a Hải 
980 |a Trung tâm Học liệu Trường Đại học Cần Thơ